000 00581nam a2200241Ia 4500
003 OSt
005 20220918185234.0
006 a|||||r|||| 00| 0
007 ta
008 220917b |||||||| |||| 00| 0 eng d
024 _a50,253
037 _cTextual
040 _aARTS
_cARTS
_beng
041 _2eng
_aeng
082 _aP,3v, N3
100 _aMalkiel Y
_968356
245 0 _aEtymology
260 _aCambridge
_bC U P
_c1993
300 _axii, 222p.
_ccm.
650 _aLINGUISTICS
942 _hP,3v, N3
_cTEXL
_2CC
999 _c179850
_d179850